[Event "Astana Zhuldyzdary op-A"]
[Site "Astana"]
[Date "2023.07.15"]
[Round "7"]
[White "Kaliakhmet, Elnaz"]
[Black "Lupolov, Boris"]
[Result "1/2-1/2"]
[WhiteElo "1818"]
[BlackElo "2121"]
[PlyCount "116"]
[EventDate "2023.07.11"]
[EventType "swiss"]
[EventRounds "10"]
[EventCountry "KAZ"]
[SourceTitle "CBM 215 Extra"]
[Source "ChessBase"]
[SourceDate "2023.09.30"]
[SourceVersion "1"]
[SourceVersionDate "2023.09.30"]
[SourceQuality "1"]

1. d4 Nf6 2. c4 e6 3. Nf3 Bb4+ 4. Bd2 Qe7 5. Nc3 0-0 6. g3 d6 7. Bg2 e5 8. 0-0 Bxc3 9. Bxc3 e4 10. Ne1 e3 11. Nd3 Re8 12. Bf3 c6 13. fxe3 Bh3 14. Re1 Qxe3+ 15. Nf2 Bf5 16. Qc1 Qxc1 17. Raxc1 Be4 18. g4 h6 19. Bd2 Nbd7 20. Bf4 d5 21. b3 Re6 22. Bxe4 Nxe4 23. cxd5 cxd5 24. Rc7 Ndf6 25. Rxb7 Nxg4 26. Nxg4 Rg6 27. Kg2 Rxg4+ 28. Kf3 h5 29. Rc1 Rg6 30. Be5 a5 31. Rcc7 a4 32. b4 a3 33. h4 Rg1 34. Ke3 f6 35. Bf4 Re8 36. Kd3 Nf2+ 37. Kd2 Rg4 38. e3 Rg2 39. Kc3 Nd1+ 40. Kd3 Nb2+ 41. Kc3 Nc4 42. b5 Nxe3 43. b6 Nc4 44. Rxc4 dxc4 45. Ra7 Rxa2 46. b7 Rb2 47. Ra8 Kf7 48. Rxe8 Kxe8 49. b8Q+ Rxb8 50. Bxb8 Ke7 51. d5 g5 52. hxg5 fxg5 53. Be5 g4 54. Kxc4 h4 55. Kb3 g3 56. Kxa3 g2 57. Bh2 g1Q 58. Bxg1 Kd6 1/2-1/2

[Event "Astana Zhuldyzdary op-A"]
[Site "Astana"]
[Date "2023.07.14"]
[Round "5"]
[White "Ashraf, Artin"]
[Black "Lupolov, Boris"]
[Result "1-0"]
[WhiteElo "2309"]
[BlackElo "2121"]
[PlyCount "87"]
[EventDate "2023.07.11"]
[EventType "swiss"]
[EventRounds "10"]
[EventCountry "KAZ"]
[SourceTitle "CBM 215 Extra"]
[Source "ChessBase"]
[SourceDate "2023.09.30"]
[SourceVersion "1"]
[SourceVersionDate "2023.09.30"]
[SourceQuality "1"]

1. d4 Nf6 2. Nf3 e6 3. g3 d5 4. c4 c6 5. Nbd2 Be7 6. Bg2 0-0 7. 0-0 b6 8. Qc2 Bb7 9. e4 Na6 10. a3 c5 11. cxd5 exd5 12. e5 Nd7 13. Re1 Re8 14. Nf1 Nf8 15. Ne3 Ne6 16. Nf5 Bf8 17. h4 cxd4 18. N5xd4 Nxd4 19. Nxd4 Nc5 20. Bg5 Qd7 21. Rad1 Ne6 22. Be3 Rac8 23. Qb1 Bc5 24. Nf5 Bf8 25. Rd2 g6 26. Nd4 Nxd4 27. Bxd4 Bc5 28. Qd1 Bxd4 29. Rxd4 Qb5 30. Rb4 Qc5 31. h5 Rc7 32. hxg6 hxg6 33. Rh4 Qc2 34. Qf3 Qf5 35. Qe3 g5 36. Rh6 Rc6 37. Rh5 Rg6 38. Qd4 Ree6 39. Bh3 Qf3 40. Bg4 Qb3 41. Bxe6 fxe6 42. Qd2 g4 43. Rg5 Rg7 44. Rc1 1-0

[Event "Astana Zhuldyzdary op-A"]
[Site "Astana"]
[Date "2023.07.13"]
[Round "4"]
[White "Lupolov, Boris"]
[Black "Amangeldy, Ernur"]
[Result "1-0"]
[WhiteElo "2121"]
[BlackElo "1932"]
[PlyCount "61"]
[EventDate "2023.07.11"]
[EventType "swiss"]
[EventRounds "10"]
[EventCountry "KAZ"]
[SourceTitle "CBM 215 Extra"]
[Source "ChessBase"]
[SourceDate "2023.09.30"]
[SourceVersion "1"]
[SourceVersionDate "2023.09.30"]
[SourceQuality "1"]

1. d4 Nf6 2. c4 e6 3. Nf3 d5 4. Nc3 Bb4 5. Qa4+ Nc6 6. Bd2 0-0 7. a3 Bd6 8. c5 Be7 9. e3 Ne4 10. Qc2 Nxd2 11. Qxd2 a6 12. Be2 b6 13. b4 Bb7 14. 0-0 Bf6 15. Rab1 Qd7 16. a4 bxc5 17. dxc5 Qe7 18. b5 axb5 19. axb5 Qxc5 20. bxc6 Bxc3 21. Rfc1 Bxd2 22. Rxc5 Bxe3 23. fxe3 Ba6 24. Bxa6 Rxa6 25. Rb7 Rc8 26. Nd4 Kf8 27. Nb5 Ke7 28. Rxc7+ Rxc7 29. Nxc7 Ra1+ 30. Kf2 Kd6 31. Na6 1-0

[Event "Astana Zhuldyzdary op-A"]
[Site "Astana"]
[Date "2023.07.11"]
[Round "1"]
[White "Goganov, Aleksey"]
[Black "Lupolov, Boris"]
[Result "1-0"]
[WhiteElo "2531"]
[BlackElo "2121"]
[PlyCount "69"]
[EventDate "2023.07.11"]
[EventType "swiss"]
[EventRounds "10"]
[EventCountry "KAZ"]
[SourceTitle "CBM 215 Extra"]
[Source "ChessBase"]
[SourceDate "2023.09.30"]
[SourceVersion "1"]
[SourceVersionDate "2023.09.30"]
[SourceQuality "1"]

1. d4 Nf6 2. c4 e6 3. Nf3 b6 4. g3 Bb7 5. Bg2 Be7 6. 0-0 0-0 7. Nc3 Ne4 8. Bd2 f5 9. Ne5 Nxc3 10. Bxc3 Bxg2 11. Kxg2 d6 12. Nf3 Nd7 13. Qd3 Qc8 14. e4 f4 15. b4 Qb7 16. a4 Rf7 17. Bd2 fxg3 18. fxg3 Raf8 19. d5 exd5 20. exd5 Bf6 21. Rae1 Ne5 22. Nxe5 Bxe5 23. Rxf7 Rxf7 24. Bf4 Bxf4 25. Re8+ Rf8 26. Rxf8+ Kxf8 27. Qf5+ Kg8 28. Qd7 g5 29. gxf4 gxf4 30. Qd8+ Kf7 31. b5 Kg6 32. Kf3 Kf5 33. h4 h6 34. h5 Ke5 35. Qh8+ 1-0

[Event "Cheliabinsk Lozovatsky Memorial-A"]
[Site "Cheliabinsk"]
[Date "2023.02.02"]
[Round "7"]
[White "Lupolov, Boris"]
[Black "Amangeldy, Ernur"]
[Result "1/2-1/2"]
[WhiteElo "2055"]
[BlackElo "2121"]
[PlyCount "85"]
[EventDate "2023.01.27"]
[EventType "swiss"]
[EventRounds "10"]
[EventCountry "RUS"]
[SourceTitle "CBM 212 Extra"]
[Source "ChessBase"]
[SourceDate "2023.03.31"]
[SourceVersion "1"]
[SourceVersionDate "2023.03.31"]
[SourceQuality "1"]

1. d4 Nf6 2. c4 e6 3. Nf3 d5 4. Nc3 Bb4 5. Qa4+ Nc6 6. e3 0-0 7. Bd2 Re8 8. a3 Bd6 9. c5 Bf8 10. Bb5 Bd7 11. Qc2 a6 12. Bxc6 Bxc6 13. Ne5 Nd7 14. Nxc6 bxc6 15. f4 Qh4+ 16. g3 Qg4 17. Nd1 Qf3 18. Nf2 Rab8 19. Rg1 e5 20. fxe5 f6 21. Qd1 Qf5 22. Qg4 Qxg4 23. Nxg4 h5 24. Nf2 Rxb2 25. exf6 Nxf6 26. 0-0-0 Ra2 27. Kb1 Rxa3 28. Kb2 Ra4 29. Ra1 Rb8+ 30. Kc2 Rc4+ 31. Kd3 Nd7 32. Rgb1 Rd8 33. Nd1 Bxc5 34. Nb2 Bb4 35. Nxc4 dxc4+ 36. Kc2 Bxd2 37. Kxd2 Nc5 38. Kc2 Ne4 39. Rxa6 Rf8 40. Rb2 Rf2+ 41. Kb1 Rf1+ 42. Kc2 Rf2+ 43. Kb1 1/2-1/2

[Event "Moscow City Team-ch"]
[Site "Moscow"]
[Date "2021.09.16"]
[Round "6"]
[White "Sadovsky, Artem"]
[Black "Lupolov, Boris"]
[Result "1-0"]
[WhiteElo "2215"]
[BlackElo "2007"]
[PlyCount "71"]
[EventDate "2021.09.11"]
[EventType "team-swiss"]
[EventRounds "7"]
[EventCountry "RUS"]
[SourceTitle "EXT 2022"]
[Source "ChessBase"]
[SourceDate "2021.10.06"]
[SourceVersion "1"]
[SourceVersionDate "2021.10.06"]
[SourceQuality "1"]

1. c4 Nf6 2. g3 e6 3. Bg2 d5 4. Nf3 Be7 5. 0-0 0-0 6. b3 b6 7. Bb2 Bb7 8. cxd5 Nxd5 9. Nc3 c5 10. Qc2 Bf6 11. Rad1 Nd7 12. Qc1 Qe7 13. Rfe1 Rfd8 14. Na4 Rac8 15. d3 b5 16. Nc3 Nxc3 17. Bxc3 Nb6 18. Bxf6 Qxf6 19. Qa3 a6 20. Rc1 Qe7 21. d4 Nd7 22. Red1 Re8 23. Ne1 b4 24. Qa4 Bxg2 25. Kxg2 cxd4 26. Rxc8 Rxc8 27. Rxd4 g6 28. Qxa6 Rc7 29. Qb5 Nf6 30. Qxb4 Qc5 31. Nf3 Nd5 32. Qd2 Qb5 33. e4 Nf6 34. Rd8+ Kg7 35. Qd6 Nxe4 36. Qxc7 1-0

[Event "Moscow op-A 17th"]
[Site "Moscow"]
[Date "2021.02.27"]
[Round "8"]
[White "Lupolov, Boris"]
[Black "Korelskiy, Egor"]
[Result "1-0"]
[WhiteElo "2045"]
[BlackElo "1371"]
[PlyCount "61"]
[EventDate "2021.02.20"]
[EventType "swiss"]
[EventRounds "9"]
[EventCountry "RUS"]
[SourceTitle "EXT 2022"]
[Source "ChessBase"]
[SourceDate "2021.10.06"]
[SourceVersion "1"]
[SourceVersionDate "2021.10.06"]
[SourceQuality "1"]

1. d4 d5 2. c4 e6 3. Nf3 c6 4. Nbd2 Nf6 5. e3 Nbd7 6. Bd3 Bd6 7. 0-0 0-0 8. e4 e5 9. cxd5 cxd5 10. exd5 exd4 11. Ne4 Nxe4 12. Bxe4 Nf6 13. Bg5 Be7 14. Bc2 h6 15. Bh4 Nxd5 16. Qd3 g6 17. Qxd4 Be6 18. Rfe1 Qc8 19. Rac1 Bc5 20. Qd2 Kh7 21. a3 a5 22. Ne5 Re8 23. Be4 Ne7 24. b4 axb4 25. axb4 Ra2 26. Qd3 Qb8 27. Rxc5 b6 28. Rcc1 Nf5 29. Bg3 Rd8 30. Nd7 Nd6 31. Nxb8 1-0